| 000 | 00808nam a2200253Ia 4500 | ||
|---|---|---|---|
| 003 | OSt | ||
| 005 | 20220918170910.0 | ||
| 006 | a|||||r|||| 00| 0 | ||
| 007 | ta | ||
| 008 | 220917b |||||||| |||| 00| 0 eng d | ||
| 020 |
_a9780804761437 (pbk) _c1214.31 |
||
| 024 | _a242,803 | ||
| 037 |
_b28078, 30/07/2009, Segment Book Distributors _cTextual |
||
| 040 |
_aARTS _cARTS _beng |
||
| 041 |
_2eng _aeng |
||
| 082 | _aR3xN42:g, P9 | ||
| 100 |
_aDurantaye Leland Del La _932099 |
||
| 245 | 0 |
_aGiorgio agamben _b Critical introduction |
|
| 260 |
_aStanford _bStanford University Press USA _c2009 |
||
| 300 |
_axx,463p. _ccm. |
||
| 650 | _aPHILOSOPHY | ||
| 942 |
_hR3xN42:g, P9 _cTEXL _2CC |
||
| 999 |
_c136553 _d136553 |
||